000 00312nam a22001337a 4500
008 210226b ||||| |||| 00| 0 eng d
020 _a0736089187
041 _aeng
080 _22nd
_a615.83
100 _a8
101 _aEGZ
245 _aAdapted Physical Education and Sport
_cWinnick ,P.J
942 _2udc
_cBK
999 _c55268
_d55268